00685nam a2200157Ia 4500008004100000082001900041100003000060245013700090260003100227300001100258440005400269500003600323650005800359952009300417999001700510120622s9999 xx 000 0 und d a658.8342 B862c aBritt, Steuart Hendersorn aCómo se comportan los consumidores : psicología del gasto / por Steuart Hendersorn Britt ; tr. por R. García de Castro Andrieu aBarcelona : Hispano Europa a361 p. aGalileo. Biblioteca de la dirección de empresas aTítulo original: The spenders a1. COMPORTAMIENTO DEL CONSUMIDOR \ 2. CONSUMIDORESÌ 00104070a22b22d2007-01-25l0o658.8342 B862Cp01 004674r2012-06-24w2012-06-24yLB c58904d58904